000 00318nam a22001337a 4500
008 170601b xxu||||| |||| 00| 0 eng d
020 _a9781855671720
041 _aeng
080 _a93
100 _a17
101 _aSHH
245 _aSECESSIONIST MOVEMENTS IN COMPARATIVE PERSPECTIVE
_cPREMDAS, R
942 _2udc
_cBK
999 _c15399
_d15399